1699 1141 1822 1331 1714 1738 1967 1217 1388 1610 1548 1770 1371 1261 1183 1684 1158 1554 1771 1165 1762 1003 1148 1876 1090 1543 1876 1098 1098 1942 1282 1163 1451 1421 1601 1706 1489 1092 1931 1173 1454 1659 1027 1576 1116 1408 1143 1839 1287 1815 1846 1252 1230 1972 1313 1182 1861 1096 1598 1014 1190 1112 1993 1928 1210 1168 1263 1391 1766 1656 1508 1845 1679 1256 1614 1991 1692 1136 1054 1965 1806 1320 1554 1563 1074 1398 1056 1951 1183 1011 1477 1601 1105 1854 1801 1423 1952 1677 1456 BCNSPRNW ULIB Ver.6.0+V

เปลี่ยนเป็นภาษาไทย

Change to English
 แสดงรายละเอียดบรรณานุกรม
  กลับหน้าหลัก

Brief Record : Get Marc (ISO 2709) : E-mail record : QR code < ปิดหน้าต่าง
LEADER : 00000nam 2200000 a 4500
001    13399113699
003     ULIB
008    110728s2554 th a 000 0 tha d
020    ^a9786167353104
060 04 ^aWB537^bม111น
100 0  ^aม.อึ้งอรุณ
245 10 ^aนวด-บริหารฝ่ามือเพิ่มพลังสมองใสห่างไกลโรค /^cม.อึ้งอรุณ ;
260    ^aกรุงเทพฯ :^bเอ็มทีบุ๊ค,^c2554
300    ^a192 หน้า :^bภาพประกอบ ;^c21 ซม.
650  4 ^aการกดจุด
650  4 ^aการนวด
650  4 ^aการบำบัดด้วยการนวด
700 0  ^aมธุรส เหมือนพลอย,^eบรรณาธิการ
945    ^p150^l0^i030825
945    ^p150^l0^i030826
945    ^p150^l0^i18662
995    ^aเกษร
999 ^a ใช้งานได้ทุกระบบ
รายการนี้ยังไม่มีแท็ก
คุณยังไม่ได้ล็อกอิน คุณสามารถมีกิจกรรมร่วมกับเว็บไซต์ได้ แต่ต้องล็อกอินก่อน ::
  ล็อกอิน

รายการสื่อสารสนเทศ

ลำดับที่ ประเภท เลขเรียก/บาร์โค้ด สถานที่ สถานะ
1. วิทยาศาสตร์การแพทย์ และสุขภาพ
วิทยาศาสตร์การแพทย์ และสุขภาพ
WB537 ม111น ฉ.2 
  Barcode: 030826
ห้องสมุดวิทยาเขตสวรรค์ประชารักษ์
►ส่วนจัดเก็บหนังสือเก่า สปร
บนชั้น
  ขอยืม
2. วิทยาศาสตร์การแพทย์ และสุขภาพ
วิทยาศาสตร์การแพทย์ และสุขภาพ
สถานะ=หนังสือเก่า
WB537 ม111น ฉ.3 
  Barcode: 18662
ห้องสมุดวิทยาเขตนครสวรรค์
►ส่วนจัดเก็บหนังสือเก่า นว.
บนชั้น
  ขอยืม

รายการใกล้เคียง
    ผู้แต่ง [ม.อึ้งอรุณ]

    หัวเรื่อง [การกดจุด]
    หัวเรื่อง [การนวด]
    หัวเรื่อง [การบำบัดด้วยการนวด]

BibComment


ยังไม่เคยถูกคอมเมนท์

คอมเมนท์ทรัพยากรรายการนี้
  คอมเมนท์: นวดบริหารฝ่ามือเ..


 Copyright 2026. Bcnsprnw @Library